Ukazovatele merania výkonnosti podniku
Hodnotenie výkonnosti podniku prešlo viacerými zmenami. Všeobecne pri meraní výkonnosti podniku sa používajú ukazovatele syntetické, analytické, finančné a nefinančné. Sústavy ukazovateľov - výhody a nevýhody.
Saved in:
| Main Author: | |
|---|---|
| Format: | Book Chapter |
| Language: | Slovak |
| Subjects: | |
| Tags: |
No Tags, Be the first to tag this record!
|
MARC
| LEADER | 00000naa$a2200000$$$4500 | ||
|---|---|---|---|
| 001 | 0210168 | ||
| 005 | 20240502073510.7 | ||
| 041 | 0 | |a slo | |
| 044 | |a SK | ||
| 245 | 1 | 0 | |a Ukazovatele merania výkonnosti podniku |c Ľubica Foltínová |
| 520 | |a Hodnotenie výkonnosti podniku prešlo viacerými zmenami. Všeobecne pri meraní výkonnosti podniku sa používajú ukazovatele syntetické, analytické, finančné a nefinančné. Sústavy ukazovateľov - výhody a nevýhody. | ||
| 610 | 2 | 0 | |a výkonnosť podniku |
| 610 | 2 | 0 | |a meranie výkonnosti |
| 610 | 2 | 0 | |a ukazovatele |
| 100 | 1 | |a Foltínová, Ľubica, 1975- | |